00740nam a2200193 a 450000100100000000500170001000800410002702000150006804000250008308200150010810000320012324500610015526000720021630000210028850000740030950400330038395201130041699900170052900004167520201002035711.0131015s1995 sp 000 0 spa d a840007534X aDO-SdBNPbspacBNPHU axxxbM489f1 aMediano, Fernando R.96847510aFamilias de Fez :b(SS. XV-XVII) /cFernando R. Mediano. aMadrid :bConsejo Superior de Investigaciones Científicas,c1995. a333 p. ;c24 cm. aIncluye referencias bibliográficas y notas al pie de las páginas. aBbibliografía : p. 299-333 001050718MOaGRbGRcCTd2013-10-15iLF1l0oxxx M489fp41675-10r2020-06-25w2020-06-25y1ZNo se presta c41165d41165